Sports Quiz

Random Sports Quiz

FBS Conferences Quiz Stats

Quiz not verified by Sporcle

Challenge
Share
Tweet
Embed
Score 0/11 Timer 04:00
1 Play Today
Year Conference % Correct
1932Southeastern Conference
75.4%
1896Big Ten
72.1%
1996Big 12 Conference
70.5%
1915Pac-10
65.6%
1953Atlantic Coast Conference
65.6%
1999Mountain West Conference
60.7%
1979Big East Conference
59%
1962Western Athletic Conference
55.7%
1995Conference USA
52.5%
1946Mid-American Conference
47.5%
1976Sun Belt Conference
42.6%

You're not logged in!

Compare scores with friends on all Sporcle quizzes.
Sign Up with Email
OR
Log In

You Might Also Like...

Show Comments

Extras

Top Quizzes Today


Score Distribution

Your Account Isn't Verified!

In order to create a playlist on Sporcle, you need to verify the email address you used during registration. Go to your Sporcle Settings to finish the process.